000
00353nam a22001337a 4500
003
SGT
020
_a
8173154724
082
_a
070
_b
S04S
100
_a
स्वरुप देवेंद्र
245
_a
संघ बीज से वृक्ष
260
_b
प्रभात प्रकाशन
_c
2004
300
_a
270
942
_2
ddc
_c
BK
999
_c
28906
_d
28906